[Event "North Sea Cup 15th"]
[Site "Esbjerg"]
[Date "2000.07.11"]
[Round "5"]
[White "De Vreugt, Dennis"]
[Black "Gulko, Boris F"]
[Result "0-1"]
[WhiteElo "2511"]
[BlackElo "2643"]
[Annotator "Gofshtein,L"]
[PlyCount "102"]
[EventDate "2000.07.07"]
[EventType "tourn"]
[EventRounds "9"]
[EventCountry "DEN"]
[EventCategory "14"]
[SourceTitle "CBM 078"]
[Source "ChessBase"]
[SourceDate "2000.10.18"]
[SourceVersion "1"]
[SourceVersionDate "2000.10.18"]
[SourceQuality "1"]

1. e4 {[%mdl 12868]} c5 2. Nf3 Nc6 3. d4 cxd4 4. Nxd4 Nf6 5. Nc3 d6 6. Bc4 Qb6
7. Nde2 e6 8. O-O Be7 9. Bb3 O-O 10. Bg5 Rd8 $5 {[%cal Yd8d6] with idea to
break by d6-d5. Another possibilities in this position are:} (10... Na5 $5 11.
Kh1 Qc5 {[%cal Ga5c4,Gc5c4,Gc5g5]} 12. Bf4 b5 $132 {remis: Wahls-Franco Luzern
1989}) (10... Qc7 11. Qd2 (11. Ng3 a6 12. Nh5 Nxh5 13. Bxe7 Nxe7 14. Qxh5 b5
15. a3 Bb7 16. Rad1 Rad8 17. Rd3 Qc5 18. Qg4 $14 {1-0 Tsarev,V-Levin,F/
Belgorod 1989/TD (63)}) 11... a6 12. Rad1 Rd8 13. Ng3 b5 14. Rfe1 Bb7 15. Nf5
$5 Ne8 16. Nxe7+ Nxe7 17. a3 $14 {1-0 Wedberg,T-Aperia,T/Stockholm 1978/EXT
2000 (29)}) (10... Ne5 11. Ng3 h6 12. Bxf6 Bxf6 13. Nh5 Nd7 14. Nxf6+ Nxf6 15.
Qd3 $14 {0-1 Ankerst,M-Kozul,Z/Bled 1993/TD (55)}) 11. Ng3 {another 
continuation with aim to make break f2-f4 is:} (11. Kh1 Na5 $5 $14 (11... Ne5
$6 12. f4 Neg4 13. Qe1 $16 {(Anand). 1-0 Wahls,M-Miralles,G/Luzern 1989/}) (
11... a6 12. f4 h6 13. Bh4 d5 $5 14. Bxf6 dxe4 15. Qe1 Bxf6 $132 {0-1 Picanol,
A-Gomez Esteban,J/ESP 1989}) (11... Na5 {Boensch})) 11... h6 $5 $146 {another
possibilities are:} (11... a6 12. Kh1 (12. Nh5 Nxh5 13. Bxe7 Nxe7 14. Qxh5 Bd7
15. Rad1 Bc6 16. Kh1 $14 {0-1 Lammens,T-Demirel,T/Vlissingen 1995/EXT 2000 (59)
}) 12... Qc7 13. f4 h6 (13... b5 14. f5 b4 15. Na4 d5 $5 $132 {1-0 Lamoureux,
C-Sorin,M/FRA 1998/CBM 64 ext (61)}) 14. Bxf6 Bxf6 15. Nh5 $14 {0-1 Prikhodko,
A-Sharapov,E/Alushta 1999/CBM 70 ext (68)}) (11... Bd7 12. Nh5 Nxh5 13. Bxe7
Nxe7 14. Qxh5 Qc5 15. Qxc5 dxc5 16. Bc4 Bc6 17. Rfd1 Rd4 18. b3 $11 {1/2-1/2
Kharlov,A-Petrienko,V/Moscow 1994/CBM 45 ext (18)}) 12. Be3 (12. Bxf6 Bxf6 13.
Nh5 Bxc3 14. bxc3 Qc5 $17 {[%cal Rc5h5,Rc5c3]}) 12... Qc7 13. Nh5 {another
possibility is:} (13. f4 $5 Na5 (13... d5 14. e5 d4 (14... Nd7 15. Nb5 Qa5 16.
Nd4 $36) 15. exf6 Bxf6 16. Nce4 dxe3 17. Nxf6+ gxf6 18. Qg4+ Kh8 19. Qh4 $36)
14. Nb5 Qb8 $132 {with active counterplay for black}) 13... Bd7 14. f4 {
also possible} (14. Nb5 Qb8 $132 (14... Qa5 $6 15. c4 $36 Nxe4 16. Qg4 $36))
14... Na5 $5 {[%cal Ga5b3,Ga5c4,Gc7c4] with few ideas:1) transfer of knight to
c4;2)preparation of break d6-d5.} 15. Bd4 Nxh5 16. Qxh5 d5 17. exd5 (17. Qg4 $2
e5 $1 $19 18. Nxd5 (18. Qh5 Nxb3 (18... exd4 $2 19. Nxd5 Qd6 20. Nxe7+ Qxe7 21.
Qxa5 Qxe4 22. Rae1 $16) 19. Nxd5 Bg4 $1 20. Qxg4 Rxd5 21. exd5 Nxd4 $17) 18...
Bxg4 19. Nxc7 exd4 20. Nxa8 Rxa8 $17) 17... Bc5 $5 18. Bxc5 Qxc5+ 19. Kh1 Nxb3
20. axb3 exd5 21. Qxd5 (21. Rfe1 Bc6 $132) 21... Qc7 $44 {After series of
forced moves, game led to position,in which black has sufficient compensation
for the pawn.} 22. Qa5 {It looks better immediate 22.Qh5 or22.Qf3} b6 23. Qh5
Bc6 24. Rad1 Rxd1 25. Qxd1 Rd8 26. Qe2 Rd4 $1 {[%cal Yd4f4,Yd4d2,Yd4b4,Yb6b4]
with idea to capture line-d,and to prepare b6-b5-b4} 27. Qe3 Qd7 {[%cal Yd7d4,
Yd4d2]} 28. Kg1 b5 29. h3 b4 30. Ne2 {white's knight  does not have good square
} Rd2 {[%cal Yd2c2]} 31. c3 Rxb2 32. cxb4 Qd5 {[%cal Yd5g2]} 33. Rf2 $8 Rxb3 $6
{white has missed a win by:} (33... Qd1+ $1 34. Kh2 Qe1 $1 35. f5 (35. Kg3 Bb5
36. Kf3 Rd2 $19) (35. Qc5 Be4 36. Qe3 f5 37. Qd4 (37. b5 Rd2 38. Qc5 Kh7 39.
Qe3 Bd3 $19) 37... Rd2 38. Qc5 Kh7 $19) 35... Bb5 36. f6 Rxe2 37. Qg3 g5 38.
Qb8+ Be8 39. Rxe2 Qxe2 $19) 34. Qxa7 (34. Qd4 Bb7 $17) 34... Rxh3 (34... Rxb4
$15) 35. Qd4 (35. Nd4 Rd3 36. Nxc6 Qxc6 $15) 35... Rb3 36. Qxd5 Bxd5 37. Kh2
Rxb4 $17 {Black has a pawn up ,and good chances for a win, because black's
bishop more stronger than white's knight.} 38. Ng3 g6 39. Rd2 Bb7 40. Ne2 Kg7
41. Nd4 h5 42. Kh3 Kh6 43. Kh4 $2 {tactical blunder,but also after 43.Kg3
white would have serious problems.} (43. Kg3 Rc4 44. Kf2 h4 $17 {[%cal Yh6h5,
Yh5g4]}) 43... Bxg2 $1 $19 44. Kg3 Bb7 45. Kh4 Ra4 46. Kg3 Ra3+ 47. Kh2 h4 48.
Rb2 Bd5 49. Rd2 Ba8 50. Rf2 Ra1 51. Kh3 Kh5 $19 0-1

[Event "ARM-ch"]
[Site "Yerevan"]
[Date "1999.10.22"]
[Round "7"]
[White "Khachiyan, Melikset"]
[Black "Sargissian, Gabriel"]
[Result "1/2-1/2"]
[WhiteElo "2480"]
[BlackElo "2470"]
[Annotator "Gofshtein,L"]
[PlyCount "60"]
[EventDate "1999.10.16"]
[EventType "tourn"]
[EventRounds "11"]
[EventCountry "ARM"]
[EventCategory "10"]
[SourceTitle "CBM 074"]
[Source "ChessBase"]
[SourceDate "2000.02.01"]
[SourceVersion "1"]
[SourceVersionDate "2000.02.01"]
[SourceQuality "1"]

1. e4 c5 2. Nf3 Nc6 3. d4 cxd4 4. Nxd4 Nf6 5. Nc3 d6 6. Bc4 Qb6 {[%csl Rd4]} 7.
Be3 {The sharp move,more common 7.Nb5 or 7.N:c6} (7. Ndb5) (7. Nxc6) 7... Qxb2
(7... a6 {after this risky move black gets a sharp counterplay} 8. Ndb5 Qa5 9.
Nd4 e6 (9... Nxe4 $2 10. Qf3 Ne5 11. Qxe4 Nxc4 12. Nb3 Qc7 13. Nd5 Qc6 14. Nd4
Qd7 15. O-O-O $16 {Nann}) 10. O-O Be7 11. Bb3 O-O 12. f4 Bd7 13. f5 Nxd4 14.
Bxd4 exf5 15. exf5 $132 {Short-Kramnik,Novgorod 1996}) 8. Ndb5 Qb4 9. Qe2 $6 (
9. Bd3 $5 {This simple move gives white some compensation.} Qa5 10. Bd2 Qd8 11.
Nd5 Nxd5 12. exd5 Ne5 13. Be2 $44) (9. Bd2 $2 Qxc4 10. Nc7+ Kd8 11. Nxa8 b6 $19
) 9... Qa5 $6 {Dubios move.Instead of it black had few good possibilities} (
9... Nxe4 $5 {This move looks very intresting} 10. a3 $6 (10. Bd4 $5 Nxd4 11.
Qxe4 e5 12. O-O-O Qxc4 13. Rxd4 Qc6 14. Nd5 {Dubinskij-Grachev,Moskva 1996} (
14. Nxd6+ $5 Bxd6 15. Qxc6+ bxc6 16. Rxd6 $15) 14... Kd8 $1 15. Nbc7 exd4 16.
Nxa8 Qa4 $17) 10... Qa5 $6 11. Bxf7+ Kxf7 12. Qc4+ e6 13. Qxe4 a6 $19) (9...
Bg4 $1 $146 10. f3 (10. Qd3 $6 Ne5 11. Qd4 Qxc4 12. Qxc4 Nxc4 13. Nc7+ Kd7 14.
Nxa8 Nxe3 15. fxe3 Kc8 $17 {[%csl Ra8][%cal Gc8b8]}) {[%tqu "En","","","",
"f6e4","",10]} 10... Nxe4 $1 11. Bd2 (11. a3 $5 Qa5 12. Bd2 (12. Bd4 $6 Nxd4
13. Qxe4 Nxb5 14. Bxb5+ Kd8 15. O-O (15. fxg4 Qxc3+ 16. Ke2 Qc7 $19 {[%cal
Ge7e6,Gd6d5]}) 15... Qxc3 16. Qxb7 Qc8 $19) (12. Bb6 Qxb6 13. Qxe4 Be6 $17)
12... Nxd2 13. Nxd6+ (13. Kxd2 {[%cal Gb5d6]} O-O-O $1 14. fxg4 d5 $19 {
[%cal Gd5d4]}) 13... Kd7 14. Qxd2 exd6 15. fxg4 Re8+ 16. Be2 Be7 $17 {[%cal
Ge7f6]}) 11... Nxd2 12. Nc7+ ({Nothing changes} 12. Kxd2 Ne5 13. Bb3 Rc8 $19 {
[%cal Ga7a6]} 14. fxg4 a6 15. Rab1 Qa5 $19) 12... Kd8 13. Kxd2 Ne5 14. Bd3 Kxc7
$19 {0-1 Miserendino,A-Zarnicki,P/Villa Martelli 1998/CBM 65 Now black has a
material advantage and better position. Rest of the game is easy job for black.
}) (9... Ne5 $5 $146 10. Rb1 (10. Bb3 Qa5 $13) 10... Qxc4 11. Qxc4 Nxc4 12.
Nc7+ Kd8 13. Nxa8 Nxe3 14. fxe3 b6 $13 {1/2-1/2 Zaitsev,I-Makarov,M/St.
Petersburg 1997/CBM 62/}) 10. Bd2 Qd8 11. Nd5 $36 Nxd5 12. exd5 Ne5 {Now white
has a nice choice.} 13. f4 $5 (13. Bb3 a6 14. f4 $5 (14. Nd4 $143 g6 $5 (14...
Qc7 $6 15. f4 Nd7 16. O-O g6 17. Rae1 $36 {Renteria,J-Minaya,J/Bogota Telecom
1997/1/2-1/2(33)}) 15. f4 Nd7 16. Bc3 Bg7 17. O-O-O O-O $17 {0-1 Ardeleanu,
A-Nevednichy,V/Tusnad 1997/EXT 99 (32)}) 14... Ng4 15. Nd4 g6 16. Bc3 (16. Ba4+
Bd7 17. Bxd7+ Qxd7 18. Rb1 Bg7 $17 {0-1 Guimaraes,W-Zarnicki,P/Roque Saenz
Pena 1997/EXT 98 (42)}) 16... Bg7 17. O-O-O O-O $13 {Buenermann,V-Borriss,M/
Germany 1997/GER-chT (49)}) (13. O-O a6 14. Nd4 g6 15. Bb3 Bg7 16. Rae1 O-O 17.
c3 Qb6 $132 {Santos,C-Damljanovic,B/Vila Real de Santo Antonio 1998/EXT 99 (56)
}) 13... Bg4 (13... Ng6 14. O-O $44) 14. Nxd6+ (14. Qe4 Nxc4 15. Qxc4 Rc8 $132)
14... exd6 15. Bb5+ Bd7 (15... Ke7 16. Qe3 Qb6 17. Qxb6 (17. fxe5 $143 $6 Qxb5
18. Qg5+ Ke8 19. Qxg4 Qxd5 $17) 17... axb6 18. fxe5 $44) 16. fxe5 dxe5 17.
Qxe5+ Qe7 18. Qxe7+ Bxe7 (18... Kxe7 19. Rb1 $14) 19. Bd3 (19. Rb1 b6 $11)
19... Bc5 $11 {After some opening complications, the game was transfered to
the balanced ending.} 20. O-O-O O-O-O 21. c4 f5 22. Rhe1 Rde8 23. Kb2 b6 24.
Kb3 g6 25. Bf4 Rxe1 26. Rxe1 Re8 27. Rh1 a6 28. g3 Kb7 29. a4 a5 30. h4 h5
1/2-1/2

[Event "GER-ch 70th"]
[Site "Bremen"]
[Date "1998.11.06"]
[Round "1"]
[White "Reichmann, Hendrik"]
[Black "Rabiega, Robert"]
[Result "0-1"]
[WhiteElo "2305"]
[BlackElo "2525"]
[Annotator "Gofshtein,L"]
[PlyCount "75"]
[EventDate "1998.11.06"]
[EventType "swiss"]
[EventRounds "9"]
[EventCountry "GER"]
[SourceTitle "CBM 068"]
[Source "ChessBase"]
[SourceDate "1999.02.01"]
[SourceVersion "1"]
[SourceVersionDate "1999.02.01"]
[SourceQuality "1"]

{[%mdl 32]} 1. e4 c5 2. Nf3 Nc6 3. Nc3 d6 4. d4 cxd4 5. Nxd4 Nf6 6. Bc4 Qb6 7.
Ndb5 Bg4 (7... a6 {Theory}) 8. f3 Bd7 9. Qe2 a6 10. Be3 Qa5 11. Nd4 Rc8 (11...
e6 12. Nb3 $6 (12. Bb3 b5 13. a3 (13. Qf2 Qc7 14. g4 Ne5 15. g5 Nh5 16. a4 b4
17. Nce2 Nc4 18. O-O-O Nxe3 19. Qxe3 Qa5 20. Ng3 Nxg3 $1 (20... g6 21. Nxh5
gxh5 22. Kb1 Bxa4 23. Bxa4+ Qxa4 24. f4 Rc8 25. Rd2 Bg7 26. f5 Bxd4 27. Qxd4
O-O 28. fxe6 fxe6 29. Qxd6 Rc6 30. Qd3 Qb5 (30... Rc5 31. Rf1 $14 {1-0 De
Firmian,N-Waitzkin,J/NY Open (5) 1997 (49)}) 31. Qh3 b3 $11) 21. hxg3 g6 22.
Rh2 Bxa4 23. Rdh1 Bd7 24. Kb1 Bg7 25. Rxh7 Qe5 26. c3 Rxh7 27. Rxh7 bxc3 28.
bxc3 Kf8 $17) 13... Be7 14. O-O Qc7 15. Nxc6 Bxc6 16. Rad1 O-O 17. Bd4 Qb7 18.
Rfe1 Rfe8 19. f4 a5 $132 {1/2-1/2 Sax,G-Csom,I/Budapest HUN/K 1976 (24)}) (12.
O-O Be7 13. Bb3 O-O 14. Kh1 Rac8 15. Rad1 b5 16. a3 Qc7 17. f4 Nxd4 18. Rxd4
Bc6 19. Bc1 Nd7 20. f5 Nc5 (20... Bf6 21. Rdd1 exf5 22. exf5 Rfe8 $132) 21. f6
Bxf6 22. Rxf6 gxf6 23. Bh6 Kh8 $15 {0-1 Zimmersmann,R-Lendvai,N/HUN-chW 1991 
(29)}) 12... Qc7 13. f4 Be7 14. Bd3 Nb4 15. O-O e5 16. a3 Bg4 17. Qe1 Nxd3 18.
cxd3 Be6 19. Nd2 $132 {1/2-1/2 Timman,J-Masic,L/Sombor 1972 (34)}) 12. Nb3 Qc7
$11 (12... Qh5 $5 13. O-O (13. O-O-O e6 14. g4 Qh4 15. Qd2 Ne5 16. Be2 h6 17.
g5 hxg5 18. Bxg5 Qf2 19. Be3 Qh4 20. Na5 b5 21. a3 (21. Nb7 Rc6 22. Bg5 Qf2 23.
Be3 Qh4 24. Na5 Rc8 $11) 21... Be7 $132) 13... e6 14. f4 (14. Qf2 Nb4 15. Bd3
d5 $15) (14. a4 Ne5 15. Bd3 Be7 16. a5 O-O 17. Na4 Bxa4 18. Rxa4 d5 $15) 14...
Nb4 15. Qxh5 Nxh5 16. Bd3 $11) 13. O-O e6 (13... g6 $6 14. Bd3 Ne5 (14... Bg7
15. Qf2 Ne5 16. Bb6 Qb8 17. Be2 O-O 18. Rfd1 $14) 15. Rac1 (15. Qf2 Nxd3 16.
cxd3 Bg7 17. Rac1 Bc6 (17... O-O $2 18. Nd5 Qd8 19. Bb6 Rxc1 (19... Qe8 20. Nc7
Qd8 21. Ne6 $18) 20. Nxf6+ Bxf6 21. Bxd8 Rxf1+ 22. Kxf1 Rxd8 23. Qb6 $18) (
17... Qb8 18. Rc2 O-O 19. Rfc1 b5 20. a3 Be6 (20... b4 21. Ba7 Qb7 22. Na5 Qa8
23. axb4 $16) (20... Rc6 21. Na5 Rc7 22. Bb6 Rcc8 23. b4 $14) 21. Nd4 (21. Ba7
Qb7 22. Na5 Qd7 23. Bd4 Rfd8 (23... d5 $2 24. e5 Ne8 (24... Nh5 25. Nb3 Nf4 26.
Qd2 Nxd3 (26... g5 27. Nc5 Qc6 28. Ne2 Nxe2+ 29. Qxe2 Bf5 30. Qe3 $16) 27. Qxd3
Bf5 28. Qe2 Bxc2 29. Rxc2 $16) 25. Nb3 Nc7 26. Nc5 Qd8 27. Ne2 $16) 24. Bb6 Re8
25. b4 $14) 21... Bd7 22. b4 e5 23. Nb3 Be6 24. Na5 d5 25. Ba7 Qa8 26. Bc5 Rfe8
$11) 18. d4 Qb8 19. d5 Bd7 20. Ba7 Qa8 21. Rc2 O-O 22. Rfc1 b5 23. a3 $16)
15... Bg7 16. Qf2 Nc4 17. Bxc4 Qxc4 $11) 14. Bd3 Ne5 15. Rae1 b5 (15... Be7
$132) 16. Bg5 $6 (16. a3 Be7 17. f4 Nxd3 18. cxd3 O-O 19. Rc1 Qb8 $11) 16...
Be7 17. f4 (17. a3 $11) 17... Nxd3 18. cxd3 b4 (18... h6 $1 19. Bh4 $2 (19.
Bxf6 Bxf6 20. e5 dxe5 21. fxe5 Be7 22. d4 O-O 23. Ne4 Bc6 24. Rc1 Qd8 25. Rc2
Qd5 26. Nc3 (26. Rfc1 Bb7 27. Rxc8 Rxc8 28. Rxc8+ Bxc8 29. Qg4 Kh8 30. Nc3 Qc6
$15) 26... Qd7 27. Rfc1 f5 $15) 19... Nxe4 $1 20. Bxe7 Nxc3 21. bxc3 Kxe7 $19)
19. Nd1 Bb5 20. e5 (20. Nf2 O-O 21. Rc1 Qb6 $11) (20. f5 e5 21. Bxf6 Bxf6 22.
Ne3 Qb6 23. Kh1 Bc6 24. Nc4 Qb8 25. Qf2 Bb5 26. Rc1 O-O $15) 20... dxe5 (20...
Nd5 21. Bxe7 Nxe7 $15) 21. fxe5 Nd5 22. Bxe7 Qxe7 $15 23. Kh1 $2 $17 {Useless.
White must to try defence in endgame. Also lose tempo and makes weak the first
line...} (23. Ne3 Qa7 (23... Nxe3 24. Qxe3 O-O 25. Nd4) 24. Rf2 Nxe3 25. Qxe3
Qxe3 26. Rxe3 Ke7 27. Ref3 Rhf8 28. Nd4 (28. Rg3 g6 29. Rg4 a5 30. Nxa5 Rc1+
31. Rf1 Rxf1+ 32. Kxf1 Ra8 $17) 28... Bd7 (28... Rc1+ 29. Rf1 Rxf1+ 30. Kxf1
Rd8 31. Nxb5 axb5 32. Ke2 Ra8 33. Rf4 Rxa2 34. Rxb4 $11) 29. Rg3 g6 30. Nc2 a5
$15) 23... O-O 24. Rf3 (24. Nd4 Qc5 25. Nxb5 Qxb5 26. Ne3 Nxe3 27. Qxe3 Rfd8
28. Qf4 Rd7 29. Rc1 Rxc1 30. Rxc1 Qxd3 31. Qxb4 Qd1+ 32. Qe1 Qxe1+ 33. Rxe1 Rd2
$17) (24. Ne3 Nxe3 25. Qxe3 Rc2 26. Re2 Rxe2 27. Qxe2 Rd8 $17) 24... Rc7 25.
Nf2 (25. Ref1 Qg5 (25... Qh4 26. Rh3 Qg5 (26... Nf4 27. Qe4 Qxh3 28. gxh3 Bc6
29. Qxc6 Rxc6 30. Rxf4 $16) 27. Rg3 Qh6 $17) 26. Rg3 Qh6 27. Nd4 (27. Rh3 Nf4
28. Rxh6 Nxe2 $17) 27... Rfc8 $17) 25... Rfc8 26. Qe4 $6 (26. Nd4 Qh4 27. Ne4
Qxe1+ 28. Qxe1 Rc1 29. Qg1 Rxg1+ 30. Kxg1 Rc1+ 31. Kf2 Rb1 32. b3 Rb2+ 33. Kg3
Rxa2 34. Nd6 Rd2 35. N4xb5 axb5 36. Nxf7 Nc3 37. Nd6 Ne2+ 38. Kh4 Nd4 39. Rg3
h6 $1 $17) 26... Rc2 27. Rh3 $6 $19 (27. Nd1 Qg5 28. Rg3 Qf4 29. Nd4 Rd2 $17)
27... f5 28. exf6 Nxf6 29. Qh4 (29. Qd4 e5 $1 30. Qh4 Rxb2 $19) 29... Bc6 30.
Rhe3 (30. Ne4 Bxe4 31. dxe4 e5 $19) 30... Bd5 31. Nd4 Rxb2 32. Nf5 (32. Nxe6
Bxe6 33. Rxe6 Qxe6 34. Rxe6 Rb1+ 35. Nd1 Rxd1+ 36. Re1 Rcc1 $19) 32... Qf8 33.
Nd4 Qf7 34. Nf3 Qg6 35. Rg1 h6 36. Qd4 Rxf2 37. Nh4 Qg5 38. Rg3 0-1